000 00480nam a22001817a 4500
003 NUST - PNEC
005 20170116180836.0
008 150808b xxu||||| |||| 00| 0 eng d
020 _a0761932585
020 _a8178293978
040 _cLIBRARY
082 _a381.0954 PAN
100 _94987
_aPanwar, J.S.
245 _aBeyond consumer marketing :sectoral marketing and emerging trends
_cJ.S. Panwar
260 _cc.2004
650 _94988
_aMarketing
_xMIS
942 _2ddc
_cBK
999 _c64221
_d64221